00636nam a2200169 a 450000500170000000800410001702000180005805000250007610000260010124501010012726000550022830000170028344000180030065000110031899900190032995201180034820140412111241.0020418s19uu xx 00 eng d a0-89577-690-1 aREF 592.3bB217 1995 aBanister, Keith, Ph.D aSharks and rays. /cwritten by Keith Banister, Ph.D; illustrated by Steve Johnson and Alex Pang. aWestport :bA Reader Digest Young Families,c1995. a19 p. ; ill. aA Look Inside aSharks c102747d102747 00104050aELbELcREFd2002-04-18eDonationl0oREF 592.3 B217 1995pE2633r2014-04-12 00:00:00w2014-04-12yBK